| 000 | 01129nam a2200229Ia 4500 | ||
|---|---|---|---|
| 001 | 5013 | ||
| 005 | 20260401113616.0 | ||
| 008 | 260306t2009||||xx |||||||||||||| ||spa|| | ||
| 041 | _aESP | ||
| 082 |
_a332.63221 _bF42 |
||
| 100 |
_aFernández-Baca, Jorge [1953-...] _eAUT |
||
| 245 | 0 | _aMercados financieros. Instituciones e instrumentos | |
| 260 | _c2009 | ||
| 300 |
_a457 páginas : _c23 cm. |
||
| 650 | _aGEN | ||
| 654 | _aCAN | ||
| 856 |
_uhttps://itmsp.museknowledge.com/UCSP?url=https://www.ebooks7-24.com:443/?il=14627&pg=1 _zVéase además: Instrumentos financieros básicos: guía práctica, apuntes de clase y casos. Versión digital |
||
| 856 |
_uhttps://0u213ux8o-y-https-ebooks7--24-com.itmsp.museknowledge.com/biblioteca.aspx _zVéase además: Base de datos Ebook7-24 |
||
| 856 |
_uhttps://0u20fux8q-y-https-research-ebsco-com.itmsp.museknowledge.com/c/qxo6us/search _zVéase además: Base de datos EBSCOhost |
||
| 856 |
_uhttps://0u20vux48-y-https-ebookcentral-proquest-com.itmsp.museknowledge.com/lib/catolicasp/home.action _zVéase además: Base de datos ProQuest Ebook Central |
||
| 942 |
_cLIB _dJUS _fJUS _2ddc |
||
| 999 |
_c5013 _d5013 |
||